00606nam a2200157Ia 450000500170000000800410001704100080005808200130006610000540007924501170013326000160025030000090026665000220027599900190029795201320031620250729165433.0250729s2003 xx 000 0 und d akan a370 KONB aಕೊಂಗವಾಡ ಎನ್ ಬಿ9223778 aಭಾರತದಲ್ಲಿ ಶಿಕ್ಶಣ ಮತ್ತು ಪ್ರಚಲಿತ ಸಮಸ್ಯೆಗಳು aGadagc2003 a396p aEducation9223779 c236077d236077 00104070aALbALd2025-07-29eSchool Book Companyg150.00l0o370 KONBpBED01396r2025-07-29 16:54:33v150.00w2025-07-29yBK